[Сб.] 28 : Анализ и синтез сложных систем и цепей с помощью ЭВМ; Электротехника и автоматика

Dades bibliogràfiques
Parent link:Электротехника и автоматика: [сборник статей]/ Таллинский политехнический институт (ТПИ). [Сб.] 28 : Анализ и синтез сложных систем и цепей с помощью ЭВМ.— , 1963-1990
Altres autors: Сеппель С. (редактор)
Idioma:rus
Publicat: 1985
Col·lecció:Труды Таллинского политехнического института № 592
Matèries:
Format: MixedMaterials Llibre
KOHA link:https://koha.lib.tpu.ru/cgi-bin/koha/opac-detail.pl?biblionumber=277463

MARC

LEADER 00000nam2a2200000 4500
001 277463
005 20231101235022.0
035 |a (RuTPU)RU\TPU\book\300737 
035 |a RU\TPU\book\293737 
090 |a 277463 
100 |a 20141203d1985 k y0rusy50 ca 
101 0 |a rus 
102 |a EE 
105 |a a z 001zy 
200 0 |a [Сб.] 28 : Анализ и синтез сложных систем и цепей с помощью ЭВМ  |f отв. ред. С. Сеппель 
210 |d 1985 
215 |a 196 с.  |c ил. 
225 1 |a Труды Таллинского политехнического института  |v № 592 
320 |a Библиогр. в конце ст. 
461 1 |0 (RuTPU)RU\TPU\book\110504  |t Электротехника и автоматика  |o [сборник статей]  |f Таллинский политехнический институт (ТПИ)  |v [Сб.] 28 : Анализ и синтез сложных систем и цепей с помощью ЭВМ  |d 1963-1990  |s Труды Таллинского политехнического института 
606 1 |a Сложные системы  |x Анализ  |2 stltpush  |3 (RuTPU)RU\TPU\subj\55193  |9 73253 
606 1 |a Электромеханические системы  |x Миниатюризация  |2 stltpush  |3 (RuTPU)RU\TPU\subj\70446  |9 84707 
610 1 |a синтез 
610 1 |a цепи 
610 1 |a четырехполюсники 
675 |a 621.3  |v 4 
675 |a 681.51.012  |v 4 
702 1 |a Сеппель  |b С.  |4 340 
801 1 |a RU  |b 63413507  |c 20110901 
801 2 |a RU  |b 63413507  |c 20171012  |g RCR 
942 |c BK